Alle TOTYs von FIFA 12 bis EAFC 25 - Statistiken

Allgemein
  • Dieses Quiz wurde 905 mal gespielt
  • Das Durchschnittsergebnis liegt bei 138 aus 161
Antwortstatistiken
Teil Position Bewertung Verein Spieler % Korrekt
LF 96 Real Madrid Cristiano Ronaldo
99%
LF 97 Real Madrid Cristiano Ronaldo
99%
LF 98 Real Madrid Cristiano Ronaldo
99%
LF 99 Real Madrid Cristiano Ronaldo
99%
LF 98 Real Madrid Cristiano Ronaldo
99%
LF 99 Real Madrid Cristiano Ronaldo
99%
LF 99 Real Madrid Cristiano Ronaldo
99%
ST 99 Real Madrid Cristiano Ronaldo
99%
ST 99 Juventus Turin Cristiano Ronaldo
99%
ST 98 Juventus Turin Cristiano Ronaldo
99%
ST 97 Manchester United Cristiano Ronaldo
99%
ST 95 Al Nassr Cristiano Ronaldo
99%
ST 95 Al Nassr Cristiano Ronaldo
99%
MS 98 FC Barcelona Lionel Messi
99%
MS 98 FC Barcelona Lionel Messi
99%
MS 98 FC Barcelona Lionel Messi
99%
RF 98 FC Barcelona Lionel Messi
99%
RF 99 FC Barcelona Lionel Messi
99%
RF 98 FC Barcelona Lionel Messi
99%
RF 98 FC Barcelona Lionel Messi
99%
MS 99 FC Barcelona Lionel Messi
99%
RF 99 FC Barcelona Lionel Messi
99%
RF 98 FC Barcelona Lionel Messi
99%
RF 98 Paris Saint-Germain Lionel Messi
99%
RF 98 Paris Saint-Germain Lionel Messi
99%
MS 97 Inter Miami Lionel Messi
99%
RF 97 Paris Saint-Germain Kylian Mbappe
97%
ST 98 Paris Saint-Germain Kylian Mbappe
97%
ST 97 Paris Saint-Germain Kylian Mbappe
97%
ST 97 Paris Saint-Germain Kylian Mbappe
97%
ST 97 Paris Saint-Germain Kylian Mbappe
97%
ST 97 Paris Saint-Germain Kylian Mbappe
97%
ST 96 Real Madrid Kylian Mbappe
97%
FIFA 14 TW 94 FC Bayern München Manuel Neuer
95%
FIFA 15 TW 96 FC Bayern München Manuel Neuer
95%
FIFA 16 TW 96 FC Bayern München Manuel Neuer
95%
FIFA 17 TW 98 FC Bayern München Manuel Neuer
95%
FIFA 21 TW 96 FC Bayern München Manuel Neuer
95%
IV 95 FC Liverpool Virgil van Dijk
93%
IV 99 FC Liverpool Virgil van Dijk
93%
IV 96 FC Liverpool Virgil van Dijk
93%
IV 96 FC Liverpool Virgil van Dijk
93%
IV 96 FC Liverpool Virgil van Dijk
93%
IV 96 FC Liverpool Virgil van Dijk
93%
ST 96 Manchester City Erling Haaland
92%
ST 97 Manchester City Erling Haaland
92%
RF 96 FC Liverpool Mohamed Salah
92%
ZM 96 Manchester City Kevin de Bruyne
91%
ZOM 97 Manchester City Kevin de Bruyne
91%
ZOM 98 Manchester City Kevin de Bruyne
91%
ZOM 96 Manchester City Kevin de Bruyne
91%
ZM 96 Manchester City Kevin de Bruyne
91%
ZM 97 Manchester City Kevin de Bruyne
91%
ZM 96 Manchester City Kevin de Bruyne
91%
ZM 93 Real Madrid Luka Modric
91%
ZM 96 Real Madrid Luka Modric
91%
ZM 96 Real Madrid Luka Modric
91%
ZM 99 Real Madrid Luka Modric
91%
ZM 96 Real Madrid Luka Modric
91%
LF 97 FC Barcelona Neymar Jr.
91%
LF 97 Paris Saint-Germain Neymar Jr.
91%
ST 98 FC Bayern München Robert Lewandowski
91%
ST 98 FC Bayern München Robert Lewandowski
91%
RV 91 Real Madrid Sergio Ramos
91%
IV 93 Real Madrid Sergio Ramos
91%
IV 93 Real Madrid Sergio Ramos
91%
IV 94 Real Madrid Sergio Ramos
91%
IV 94 Real Madrid Sergio Ramos
91%
IV 96 Real Madrid Sergio Ramos
91%
IV 97 Real Madrid Sergio Ramos
91%
IV 97 Real Madrid Sergio Ramos
91%
IV 96 Real Madrid Sergio Ramos
91%
FIFA 20 TW 97 FC Liverpool Alisson
90%
EAFC 24 TW 95 FC Liverpool Alisson
90%
ZM 95 Borussia Dortmund Jude Bellingham
90%
ZM 96 Real Madrid Jude Bellingham
90%
ZOM 97 Real Madrid Jude Bellingham
90%
LF 97 Real Madrid Vinicius Jr.
90%
FIFA 12 TW 93 Real Madrid Iker Casillas
89%
FIFA 13 TW 95 Real Madrid Iker Casillas
89%
MS 97 Real Madrid Karim Benzema
89%
ZM 93 Real Madrid Toni Kroos
88%
ZM 95 Real Madrid Toni Kroos
88%
ZOM 96 FC Barcelona Andres Iniesta
87%
ZM 96 FC Barcelona Andres Iniesta
87%
ZM 95 FC Barcelona Andres Iniesta
87%
ZM 95 FC Barcelona Andres Iniesta
87%
ZM 95 FC Barcelona Andres Iniesta
87%
ZM 95 FC Barcelona Andres Iniesta
87%
ZDM 95 Manchester City Rodri
87%
ZDM 97 Manchester City Rodri
87%
ZM 94 FC Barcelona Xavi
87%
ZM 95 FC Barcelona Xavi
87%
ZM 95 FC Barcelona Xavi
87%
FIFA 22 TW 96 Paris Saint-Germain Gianluigi Donnarumma
86%
ZDM 96 FC Bayern München Joshua Kimmich
86%
LV 94 Bayer Leverkusen Alejandro Grimaldo
85%
RAV 94 Bayer Leverkusen Jeremie Frimpong
85%
RV 93 Paris Saint-Germain Achraf Hakimi
84%
RV 94 Paris Saint-Germain Achraf Hakimi
84%
EAFC 25 TW 94 Aston Villa Emiliano Martinez
84%
ST 96 Tottenham Hotspur Harry Kane
84%
RV 94 FC Bayern München Philipp Lahm
84%
RV 95 FC Bayern München Philipp Lahm
84%
LV 94 AC Mailand Theo Hernandez
84%
LV 94 AC Mailand Theo Hernandez
84%
IV 93 FC Barcelona Gerard Pique
83%
IV 92 FC Barcelona Gerard Pique
83%
IV 95 FC Barcelona Gerard Pique
83%
LV 89 Real Madrid Marcelo
83%
LV 89 Real Madrid Marcelo
83%
LV 93 Real Madrid Marcelo
83%
LV 94 Real Madrid Marcelo
83%
LV 94 Real Madrid Marcelo
83%
FIFA 23 TW 96 Real Madrid Thibaut Courtois
83%
RV 95 FC Liverpool Trent Alexander-Arnold
83%
RV 94 FC Liverpool Trent Alexander-Arnold
83%
ZOM 95 FC Chelsea Cole Palmer
82%
RV 91 FC Barcelona Dani Alves
82%
RV 90 FC Barcelona Dani Alves
82%
RV 91 FC Barcelona Dani Alves
82%
RV 92 FC Barcelona Dani Alves
82%
RV 93 Juventus Turin Dani Alves
82%
RV 93 Paris Saint-Germain Dani Alves
82%
FIFA 18 TW 97 Manchester United David De Gea
82%
FIFA 19 TW 97 Manchester United David De Gea
82%
ST 98 FC Barcelona Luis Suarez
82%
LV 93 FC Bayern München Alphonso Davies
81%
RF 96 FC Bayern München Arjen Robben
81%
RV 95 Real Madrid Dani Carvajal
81%
ZM 95 FC Chelsea N’Golo Kante
81%
ZDM 96 FC Chelsea N’Golo Kante
81%
ZDM 97 FC Chelsea N’Golo Kante
81%
ZDM 96 FC Chelsea N’Golo Kante
81%
LM 96 FC Bayern München Franck Ribery
80%
LF 97 FC Liverpool Sadio Mane
79%
IV 97 Manchester City Ruben Dias
78%
IV 95 Manchester City Ruben Dias
78%
IV 95 FC Arsenal William Saliba
77%
LV 94 FC Liverpool Andrew Robertson
75%
ZOM 97 Manchester United Bruno Fernandes
75%
IV 94 Paris Saint-Germain Thiago Silva
74%
IV 93 Paris Saint-Germain Thiago Silva
74%
IV 94 Paris Saint-Germain Thiago Silva
74%
ST 95 Manchester United Wayne Rooney
73%
IV 95 Paris Saint-Germain Marquinhos
72%
ST 96 Paris Saint-Germain Zlatan Ibrahimovic
72%
IV 96 Real Madrid Raphael Varane
65%
IV 94 Real Madrid Eder Militao
64%
ZM 93 Juventus Turin Paul Pogba
62%
IV 96 AC Mailand Leonardo Bonucci
61%
ZM 94 FC Barcelona Frenkie De Jong
60%
ZM 97 FC Chelsea Jorginho
54%
LV 94 Manchester City Joao Cancelo
51%
IV 96 Juventus Turin Matthijs de Ligt
48%
IV 94 Manchester United Nemanja Vidic
48%
ZM 91 Real Madrid Xabi Alonso
48%
ZM 93 Real Madrid Xabi Alonso
48%
IV 89 Paris Saint-Germain David Luiz
47%
ST 94 Atletico Madrid Radamel Falcao
33%
ZOM 94 Manchester United Angel Di Maria
32%
Keine übereinstimmenden Quizze gefunden
Verteilung der Resultate
Anzahl Personen mit jedem Resultat
Perzentil nach korrekt beantworteten Fragen
Ihre Resultats-Entwicklung
Sie haben dieses Quiz noch nicht gespielt